000 00447nam a2200181Ia 4500
008 240729s9999 xx 000 0 und d
022 _a2673-4176
245 0 _aPolysaccharides
260 _aSwitzerland
260 _bMDPI AG
650 _a Biochemistry
650 _a Chemistry
650 _a Organic chemistry
650 _aScience
856 _uhttps://doaj.org/toc/f07c2b6e56e84879aef84980d1ad9511
942 _2ddc
942 _cDOAJEJ
999 _c71889
_d71889
945 _a1
_bMadushi Gamage
_c1
_dMadushi Gamage